[Event "Guillermo Garcia Memorial op 27th"]
[Site "Santa Clara"]
[Date "2018.05.26"]
[Round "5"]
[White "Cabrera Nunez, Ledaimys"]
[Black "Zambrano Gutierrez, Jean Carlos"]
[Result "1-0"]
[WhiteElo "1906"]
[BlackElo "1343"]
[PlyCount "85"]
[EventDate "2018.05.22"]
[EventType "swiss"]
[EventRounds "9"]
[EventCountry "CUB"]
[SourceTitle "CBM 184 Extra"]
[Source "ChessBase"]
[SourceDate "2018.06.28"]
[SourceVersion "1"]
[SourceVersionDate "2018.06.28"]
[SourceQuality "1"]

1. d4 Nf6 2. Nf3 e6 3. e3 b6 4. Bd3 Bb7 5. Nbd2 d6 6. b3 Nbd7 7. Bb2 g6 8. Qe2 Bg7 9. c4 0-0 10. 0-0 Re8 11. Rad1 c5 12. Bb1 Qc7 13. Rfe1 e5 14. d5 h6 15. Nh4 Nf8 16. Kh1 Bc8 17. f3 Bd7 18. Rg1 Qc8 19. g4 g5 20. Nf5 Bxf5 21. Bxf5 Qd8 22. Rdf1 Ng6 23. Bxg6 fxg6 24. Qd3 Kh7 25. h4 Nd7 26. Ne4 Nf6 27. Nc3 Nd7 28. Rg2 Qe7 29. hxg5 Qxg5 30. Ne4 Qe7 31. g5 h5 32. Ng3 e4 33. Nxe4 Bxb2 34. Rxb2 Ne5 35. Qe2 Rf8 36. Qg2 Rae8 37. Nf6+ Rxf6 38. gxf6 Qxf6 39. Re2 Rf8 40. Qh3 Rf7 41. Rg2 Qg7 42. f4 Rf5 43. Qxf5 1-0